• 首页
  • 本馆介绍
  • 公告通知
  • 最新文献
  • 馆藏检索
  • 电子资源
  • 读者导购
  • 参考咨询
  • 我的图书馆
  • 登录
  • 详细信息显示
  • 放入我的书架
  • 预约/预借图书
  • 作者相关作品
  • 分类相关作品
  • 丛书相关作品
  • 出版社相关作品

书目信息

  • 表格格式
  • 工作单格式
  • 卡片格式
题名:
哈佛天才
    
 
作者: 刘首英 编著
分册:  
出版信息: 北京   海潮出版社  2001
页数: 272,4页
开本: 21cm
丛书名:
单 册:
中图分类: G763
科图分类:
主题词: 早慧儿童--儿童教育
电子资源:
ISBN: 7-80151-419-X
000 00997nam0 2200241 450
001 020000029795
005 20071014113016.14
010    @a7-80151-419-X@dCNY18.00
100    @a20050127d2001 ekmy0chiy0120 ea
101 0  @achi
102    @aCN@b110000
105    @af z 000yy
200 1  @a哈佛天才@9ha fo tian cai@e用卡尔·威特法则培养出的哈佛孩子@f刘首英编著@Fliu shou ying bian zhu
205    @a2版
210    @a北京@c海潮出版社@d2001
215    @a272,4页@c图版@d21cm
330    @a本书主要包括:哈佛:天才的聚会;让儿童的教育与其智力曙光同时开始;教育的目的在于培养完美的人;教孩子正确的知识;母亲的教育非常重要;我们身边的哈佛天才;早期教育的名人:凯尔文、歌德、穆勒;天才是怎样产生的;如何辩识和发掘孩子的天赋与才能九章内容。
517 1  @a用卡尔·威特法则培养出的哈佛孩子@9yong ka er· wei te fa ze pei yang chu de ha fo hai zi
606 0  @a早慧儿童@x儿童教育
690    @aG763@v4
701  0 @a刘首英@Aliu shou ying@4编著
801  0 @aCN@bTSSF@c20071014
905    @a10447@dG763@e30=2
    
    哈佛天才:用卡尔·威特法则培养出的哈佛孩子/刘首英编著.-2版.-北京:海潮出版社,2001
    272,4页:图版;21cm
    
    
    ISBN 7-80151-419-X:CNY18.00
    本书主要包括:哈佛:天才的聚会;让儿童的教育与其智力曙光同时开始;教育的目的在于培养完美的人;教孩子正确的知识;母亲的教育非常重要;我们身边的哈佛天才;早期教育的名人:凯尔文、歌德、穆勒;天才是怎样产生的;如何辩识和发掘孩子的天赋与才能九章内容。
●
相关链接 在E读中查询图书 在五车中查询图书 在当当中查询图书 在豆瓣中查询图书


正题名:哈佛天才     索取号:G763/30=2         预约/预借

序号 登录号 条形码 馆藏地/架位号 状态 备注
1 0364969   3649699   第一样本阅览室/ [索取号:G763/30=2] 在馆    
2 0364970   3649706   第四借阅区/ [索取号:G763/30=2] 在馆    
3 0364971   3649715   教育系资料室/ [索取号:G763/30=2] 在馆    
4 0364972   3649724   第四借阅区/ [索取号:G763/30=2] 在馆    
5 0364973   3649733   教育系资料室/ [索取号:G763/30=2] 在馆    
6 0364974   3649742   教育系资料室/ [索取号:G763/30=2] 在馆    
7 0364975   3649751   教育系资料室/ [索取号:G763/30=2] 在馆    
8 0364976   3649760   教育系资料室/ [索取号:G763/30=2] 在馆    
9 0364977   3649779   第四借阅区/ [索取号:G763/30=2] 在馆    
10 0364978   3649788   教育系资料室/ [索取号:G763/30=2] 在馆    
唐山师范学院图书馆 欢迎您!
大连网信软件有限公司© 版权所有